Treatment of Posthemorrhagic Hydrocephalus in neonates (TROPHY) registry: surgical results from 6-month follow-up data
OBJECTIVE Hydrocephalus due to intraventricular hemorrhage (IVH) during prematurity represents a challenging form of CSF circulation disturbance. It remains unresolved as to which temporary measures are best for intracranial pressure relief before sufficient body weight is reached to perform shunt i...
Saved in:
| Main Authors: | , , , , , , , , , , , , , , , , , , , , , , , , , , , , , , , , , , , , , , , , , , , , |
|---|---|
| Format: | Article (Journal) |
| Language: | English |
| Published: |
February 2026
|
| In: |
Journal of neurosurgery. Pediatrics
Year: 2025, Volume: 37, Issue: 2, Pages: 122-132 |
| ISSN: | 1933-0715 |
| DOI: | 10.3171/2025.7.PEDS25167 |
| Online Access: | Verlag, kostenfrei, Volltext: https://doi.org/10.3171/2025.7.PEDS25167 Verlag, kostenfrei, Volltext: https://thejns.org/pediatrics/view/journals/j-neurosurg-pediatr/37/2/article-p122.xml |
| Author Notes: | Ulrich-Wilhelm Thomale, MD, Elena Bogoslovskaia, MD, Friederike Knerlich-Lukoschus, MD, Andrey Akimov, MD, Pietro Spennato, MD, Christian Auer, MD, Ahmed El Damaty, MD, Andreas Schaumann, MD, Valentina Pennacchietti, MD, Matthias Schulz, MD, Dennis Buis, MD, Vladislav Demyanenko, MD, Alexander Seliverstov, MD, Oksana Usatova, MD, Onur Ozgural, MD, Gokmen Kahilogullari, MD, Martin U. Schuhmann, MD, Rolando Jimenez-Guerra, MD, Thomas Beez, MD, Nunthasiri Wittayanakorn, MD, Alexey Sukharev, MD, Stefan Linsler, MD, Joachim Oertel, MD, Petr Vacek, MD, Ruslan Pankratiev, MD, Ayrat Timershin, MD, Mykhailo Lovha, MD, Raphael Guzman, MD, Sarah Stricker, MD, Christoph Wiegand, MD, Megan Votoupal, Soslan Medoev, MD, Elza Fatykhova, MD, Konstantin Kovalkov, MD, Dina Pogosova, MD, Christoph Bührer, MD, Sandi Lam, MD, Spyros Sgouros, MD, Jonathan Roth, MD, Shlomi Constantini, MD, Sergio Cavalheiro, MD, Giuseppe Cinalli, MD, Abhaya V. Kulkarni, MD, Sergey Gorelyshev, MD, and Hans Christoph Bock, MD |
MARC
| LEADER | 00000naa a2200000 c 4500 | ||
|---|---|---|---|
| 001 | 1968797521 | ||
| 003 | DE-627 | ||
| 005 | 20260416101303.0 | ||
| 007 | cr uuu---uuuuu | ||
| 008 | 260416s2026 xx |||||o 00| ||eng c | ||
| 024 | 7 | |a 10.3171/2025.7.PEDS25167 |2 doi | |
| 035 | |a (DE-627)1968797521 | ||
| 035 | |a (DE-599)KXP1968797521 | ||
| 040 | |a DE-627 |b ger |c DE-627 |e rda | ||
| 041 | |a eng | ||
| 084 | |a 33 |2 sdnb | ||
| 100 | 1 | |a Thomale, Ulrich-Wilhelm |e VerfasserIn |0 (DE-588)1192315685 |0 (DE-627)167063079X |4 aut | |
| 245 | 1 | 0 | |a Treatment of Posthemorrhagic Hydrocephalus in neonates (TROPHY) registry |b surgical results from 6-month follow-up data |c Ulrich-Wilhelm Thomale, MD, Elena Bogoslovskaia, MD, Friederike Knerlich-Lukoschus, MD, Andrey Akimov, MD, Pietro Spennato, MD, Christian Auer, MD, Ahmed El Damaty, MD, Andreas Schaumann, MD, Valentina Pennacchietti, MD, Matthias Schulz, MD, Dennis Buis, MD, Vladislav Demyanenko, MD, Alexander Seliverstov, MD, Oksana Usatova, MD, Onur Ozgural, MD, Gokmen Kahilogullari, MD, Martin U. Schuhmann, MD, Rolando Jimenez-Guerra, MD, Thomas Beez, MD, Nunthasiri Wittayanakorn, MD, Alexey Sukharev, MD, Stefan Linsler, MD, Joachim Oertel, MD, Petr Vacek, MD, Ruslan Pankratiev, MD, Ayrat Timershin, MD, Mykhailo Lovha, MD, Raphael Guzman, MD, Sarah Stricker, MD, Christoph Wiegand, MD, Megan Votoupal, Soslan Medoev, MD, Elza Fatykhova, MD, Konstantin Kovalkov, MD, Dina Pogosova, MD, Christoph Bührer, MD, Sandi Lam, MD, Spyros Sgouros, MD, Jonathan Roth, MD, Shlomi Constantini, MD, Sergio Cavalheiro, MD, Giuseppe Cinalli, MD, Abhaya V. Kulkarni, MD, Sergey Gorelyshev, MD, and Hans Christoph Bock, MD |
| 246 | 3 | 0 | |a six |
| 264 | 1 | |c February 2026 | |
| 300 | |b Illustrationen | ||
| 300 | |a 11 | ||
| 336 | |a Text |b txt |2 rdacontent | ||
| 337 | |a Computermedien |b c |2 rdamedia | ||
| 338 | |a Online-Ressource |b cr |2 rdacarrier | ||
| 500 | |a Veröffentlicht: 5. Dezember 2025 | ||
| 500 | |a Gesehen am 16.04.2026 | ||
| 520 | |a OBJECTIVE Hydrocephalus due to intraventricular hemorrhage (IVH) during prematurity represents a challenging form of CSF circulation disturbance. It remains unresolved as to which temporary measures are best for intracranial pressure relief before sufficient body weight is reached to perform shunt implantation. The international Treatment of Posthemorrhagic Hydrocephalus in neonates (TROPHY) registry was designed to compare the safety and efficacy of 4 different methods of temporary treatment. The aim of this study was to investigate 6-month follow-up data from the TROPHY registry to characterize and compare perioperative measures, reoperations, complications, and shunt dependency among the different treatment methods. METHODS An online registry designed for multicenter international prospective data collection was reviewed for patients with complete datasets that included 6-month follow-up data. Eligible patients were neonates with IVH and progressive ventricular enlargement necessitating surgical pressure relief. Four possible methods of intervention were assessed: ventricular access device (VAD) placement, external ventricular drainage (EVD), ventricular subgaleal shunt (VSGS) placement, and neuroendoscopic lavage (NEL). Preoperative data, perioperative aspects of surgery, and 6-month follow-up data were collected in a standardized manner. RESULTS Of 238 patients with posthemorrhagic hydrocephalus (PHH) included in this analysis, 47 received a VAD, 34 received EVD, 75 received a VSGS, and 82 received NEL. After 6 months of follow-up, differences were seen in the rate of unilateral frontal tissue defect at the entry point (p < 0.001, highest in the NEL group and lowest in the VAD group), multiloculated hydrocephalus (p < 0.05, highest in the EVD group and lowest in the NEL group), parenchymal defect (p < 0.05, highest in the VAD and lowest in the EVD group), and the proportion of patients needing a permanent shunt (p < 0.001, highest in the VSGS group and lowest in the NEL group). No significant differences were seen in rates of complications or revisions among the groups. CONCLUSIONS Analysis of 6-month follow-up TROPHY registry data provided further insights into treatment options for PHH after neonatal IVH. NEL had the lowest probability of needing a shunt at 6 months. Further research will be performed to draw clearer conclusions. | ||
| 700 | 1 | |a Bogoslovskaia, Elena |e VerfasserIn |4 aut | |
| 700 | 1 | |a Knerlich-Lukoschus, Friederike |e VerfasserIn |4 aut | |
| 700 | 1 | |a Akimov, Andrey |e VerfasserIn |4 aut | |
| 700 | 1 | |a Spennato, Pietro |e VerfasserIn |4 aut | |
| 700 | 1 | |a Auer, Christian |e VerfasserIn |4 aut | |
| 700 | 1 | |a El Damaty, Ahmed |e VerfasserIn |0 (DE-588)1172325022 |0 (DE-627)1041141793 |0 (DE-576)514529245 |4 aut | |
| 700 | 1 | |a Schaumann, Andreas |e VerfasserIn |4 aut | |
| 700 | 1 | |a Pennacchietti, Valentina |e VerfasserIn |4 aut | |
| 700 | 1 | |a Schulz, Matthias |e VerfasserIn |4 aut | |
| 700 | 1 | |a Buis, Dennis |e VerfasserIn |4 aut | |
| 700 | 1 | |a Demyanenko, Vladislav |e VerfasserIn |4 aut | |
| 700 | 1 | |a Seliverstov, Alexander |e VerfasserIn |4 aut | |
| 700 | 1 | |a Usatova, Oksana |e VerfasserIn |4 aut | |
| 700 | 1 | |a Ozgural, Onur |e VerfasserIn |4 aut | |
| 700 | 1 | |a Kahilogullari, Gokmen |e VerfasserIn |4 aut | |
| 700 | 1 | |a Schuhmann, Martin U. |e VerfasserIn |4 aut | |
| 700 | 1 | |a Jimenez-Guerra, Rolando |e VerfasserIn |4 aut | |
| 700 | 1 | |a Beez, Thomas |e VerfasserIn |4 aut | |
| 700 | 1 | |a Wittayanakorn, Nunthasiri |e VerfasserIn |4 aut | |
| 700 | 1 | |a Sukharev, Alexey |e VerfasserIn |4 aut | |
| 700 | 1 | |a Linsler, Stefan |e VerfasserIn |4 aut | |
| 700 | 1 | |a Oertel, Joachim |e VerfasserIn |4 aut | |
| 700 | 1 | |a Vacek, Petr |e VerfasserIn |4 aut | |
| 700 | 1 | |a Pankratiev, Ruslan |e VerfasserIn |4 aut | |
| 700 | 1 | |a Timershin, Ayrat |e VerfasserIn |4 aut | |
| 700 | 1 | |a Lovha, Mykhailo |e VerfasserIn |4 aut | |
| 700 | 1 | |a Guzman, Raphael |e VerfasserIn |4 aut | |
| 700 | 1 | |a Stricker, Sarah |e VerfasserIn |4 aut | |
| 700 | 1 | |a Wiegand, Christoph |e VerfasserIn |4 aut | |
| 700 | 1 | |a Votoupal, Megan |e VerfasserIn |4 aut | |
| 700 | 1 | |a Medoev, Soslan |e VerfasserIn |4 aut | |
| 700 | 1 | |a Fatykhova, Elza |e VerfasserIn |4 aut | |
| 700 | 1 | |a Kovalkov, Konstantin |e VerfasserIn |4 aut | |
| 700 | 1 | |a Pogosova, Dina |e VerfasserIn |4 aut | |
| 700 | 1 | |a Bührer, Christoph |e VerfasserIn |4 aut | |
| 700 | 1 | |a Lam, Sandi |e VerfasserIn |4 aut | |
| 700 | 1 | |a Sgouros, Spyros |e VerfasserIn |4 aut | |
| 700 | 1 | |a Roth, Jonathan |e VerfasserIn |4 aut | |
| 700 | 1 | |a Constantini, Shlomi |e VerfasserIn |4 aut | |
| 700 | 1 | |a Cavalheiro, Sergio |e VerfasserIn |4 aut | |
| 700 | 1 | |a Cinalli, Giuseppe |e VerfasserIn |4 aut | |
| 700 | 1 | |a Kulkarni, Abhaya V. |e VerfasserIn |4 aut | |
| 700 | 1 | |a Gorelyshev, Sergey |e VerfasserIn |4 aut | |
| 700 | 1 | |a Bock, Hans Christoph |e VerfasserIn |4 aut | |
| 773 | 0 | 8 | |i Enthalten in |t Journal of neurosurgery. Pediatrics |d Charlottesville, Va. : AANS, 2008 |g 37(2025), 2 vom: Feb., Seite 122-132 |h Online-Ressource |w (DE-627)556417321 |w (DE-600)2403990-1 |w (DE-576)276562305 |x 1933-0715 |7 nnas |a Treatment of Posthemorrhagic Hydrocephalus in neonates (TROPHY) registry surgical results from 6-month follow-up data |
| 773 | 1 | 8 | |g volume:37 |g year:2025 |g number:2 |g month:02 |g pages:122-132 |g extent:11 |a Treatment of Posthemorrhagic Hydrocephalus in neonates (TROPHY) registry surgical results from 6-month follow-up data |
| 856 | 4 | 0 | |u https://doi.org/10.3171/2025.7.PEDS25167 |x Verlag |x Resolving-System |z kostenfrei |3 Volltext |7 0 |
| 856 | 4 | 0 | |u https://thejns.org/pediatrics/view/journals/j-neurosurg-pediatr/37/2/article-p122.xml |x Verlag |z kostenfrei |3 Volltext |7 0 |
| 951 | |a AR | ||
| 992 | |a 20260416 | ||
| 993 | |a Article | ||
| 994 | |a 2026 | ||
| 998 | |g 1172325022 |a El Damaty, Ahmed |m 1172325022:El Damaty, Ahmed |d 910000 |d 911200 |e 910000PE1172325022 |e 911200PE1172325022 |k 0/910000/ |k 1/910000/911200/ |p 7 | ||
| 999 | |a KXP-PPN1968797521 |e 4953588525 | ||
| BIB | |a Y | ||
| SER | |a journal | ||
| JSO | |a {"recId":"1968797521","title":[{"title":"Treatment of Posthemorrhagic Hydrocephalus in neonates (TROPHY) registry","subtitle":"surgical results from 6-month follow-up data","title_sort":"Treatment of Posthemorrhagic Hydrocephalus in neonates (TROPHY) registry"}],"note":["Veröffentlicht: 5. Dezember 2025","Gesehen am 16.04.2026"],"type":{"media":"Online-Ressource","bibl":"article-journal"},"origin":[{"dateIssuedDisp":"February 2026","dateIssuedKey":"2026"}],"id":{"doi":["10.3171/2025.7.PEDS25167"],"eki":["1968797521"]},"physDesc":[{"extent":"11 S.","noteIll":"Illustrationen"}],"person":[{"family":"Thomale","display":"Thomale, Ulrich-Wilhelm","given":"Ulrich-Wilhelm","role":"aut"},{"display":"Bogoslovskaia, Elena","family":"Bogoslovskaia","role":"aut","given":"Elena"},{"role":"aut","given":"Friederike","family":"Knerlich-Lukoschus","display":"Knerlich-Lukoschus, Friederike"},{"given":"Andrey","role":"aut","display":"Akimov, Andrey","family":"Akimov"},{"role":"aut","given":"Pietro","display":"Spennato, Pietro","family":"Spennato"},{"given":"Christian","role":"aut","display":"Auer, Christian","family":"Auer"},{"role":"aut","given":"Ahmed","display":"El Damaty, Ahmed","family":"El Damaty"},{"given":"Andreas","role":"aut","family":"Schaumann","display":"Schaumann, Andreas"},{"given":"Valentina","role":"aut","family":"Pennacchietti","display":"Pennacchietti, Valentina"},{"role":"aut","given":"Matthias","family":"Schulz","display":"Schulz, Matthias"},{"family":"Buis","display":"Buis, Dennis","role":"aut","given":"Dennis"},{"display":"Demyanenko, Vladislav","family":"Demyanenko","given":"Vladislav","role":"aut"},{"family":"Seliverstov","display":"Seliverstov, Alexander","given":"Alexander","role":"aut"},{"display":"Usatova, Oksana","family":"Usatova","role":"aut","given":"Oksana"},{"given":"Onur","role":"aut","family":"Ozgural","display":"Ozgural, Onur"},{"role":"aut","given":"Gokmen","display":"Kahilogullari, Gokmen","family":"Kahilogullari"},{"display":"Schuhmann, Martin U.","family":"Schuhmann","role":"aut","given":"Martin U."},{"given":"Rolando","role":"aut","display":"Jimenez-Guerra, Rolando","family":"Jimenez-Guerra"},{"family":"Beez","display":"Beez, Thomas","given":"Thomas","role":"aut"},{"display":"Wittayanakorn, Nunthasiri","family":"Wittayanakorn","given":"Nunthasiri","role":"aut"},{"role":"aut","given":"Alexey","family":"Sukharev","display":"Sukharev, Alexey"},{"role":"aut","given":"Stefan","display":"Linsler, Stefan","family":"Linsler"},{"given":"Joachim","role":"aut","display":"Oertel, Joachim","family":"Oertel"},{"display":"Vacek, Petr","family":"Vacek","role":"aut","given":"Petr"},{"display":"Pankratiev, Ruslan","family":"Pankratiev","role":"aut","given":"Ruslan"},{"family":"Timershin","display":"Timershin, Ayrat","role":"aut","given":"Ayrat"},{"display":"Lovha, Mykhailo","family":"Lovha","given":"Mykhailo","role":"aut"},{"family":"Guzman","display":"Guzman, Raphael","given":"Raphael","role":"aut"},{"display":"Stricker, Sarah","family":"Stricker","role":"aut","given":"Sarah"},{"display":"Wiegand, Christoph","family":"Wiegand","given":"Christoph","role":"aut"},{"display":"Votoupal, Megan","family":"Votoupal","given":"Megan","role":"aut"},{"display":"Medoev, Soslan","family":"Medoev","given":"Soslan","role":"aut"},{"display":"Fatykhova, Elza","family":"Fatykhova","role":"aut","given":"Elza"},{"given":"Konstantin","role":"aut","display":"Kovalkov, Konstantin","family":"Kovalkov"},{"display":"Pogosova, Dina","family":"Pogosova","given":"Dina","role":"aut"},{"given":"Christoph","role":"aut","display":"Bührer, Christoph","family":"Bührer"},{"family":"Lam","display":"Lam, Sandi","given":"Sandi","role":"aut"},{"given":"Spyros","role":"aut","family":"Sgouros","display":"Sgouros, Spyros"},{"display":"Roth, Jonathan","family":"Roth","given":"Jonathan","role":"aut"},{"given":"Shlomi","role":"aut","family":"Constantini","display":"Constantini, Shlomi"},{"display":"Cavalheiro, Sergio","family":"Cavalheiro","role":"aut","given":"Sergio"},{"display":"Cinalli, Giuseppe","family":"Cinalli","role":"aut","given":"Giuseppe"},{"family":"Kulkarni","display":"Kulkarni, Abhaya V.","role":"aut","given":"Abhaya V."},{"family":"Gorelyshev","display":"Gorelyshev, Sergey","given":"Sergey","role":"aut"},{"family":"Bock","display":"Bock, Hans Christoph","role":"aut","given":"Hans Christoph"}],"relHost":[{"titleAlt":[{"title":"Journal of neurosurgery / Pediatrics"}],"recId":"556417321","corporate":[{"display":"American Association of Neurological Surgeons","role":"isb"},{"display":"American Society of Pediatric Neurosurgeons","role":"isb"},{"role":"isb","display":"American Academy of Pediatrics"}],"type":{"bibl":"periodical","media":"Online-Ressource"},"note":["Gesehen am 05.06.20","Bis 2007 als ungez. Beil. zur Hauptzeitschrift"],"title":[{"title":"Journal of neurosurgery","partname":"Pediatrics","title_sort":"Journal of neurosurgery","subtitle":"official journal of the American Association of Neurological Surgeons; American Society of Pediatric Neurosurgeons; American Academy of Pediatrics Section on Neurological Surgery"}],"pubHistory":["1.2008 -"],"physDesc":[{"extent":"Online-Ressource"}],"id":{"zdb":["2403990-1"],"issn":["1933-0715"],"eki":["556417321"]},"language":["eng"],"disp":"Treatment of Posthemorrhagic Hydrocephalus in neonates (TROPHY) registry surgical results from 6-month follow-up dataJournal of neurosurgery. Pediatrics","origin":[{"dateIssuedDisp":"2008-","publisherPlace":"Charlottesville, Va.","publisher":"AANS","dateIssuedKey":"2008"}],"part":{"issue":"2","text":"37(2025), 2 vom: Feb., Seite 122-132","extent":"11","year":"2025","volume":"37","pages":"122-132"}}],"language":["eng"],"name":{"displayForm":["Ulrich-Wilhelm Thomale, MD, Elena Bogoslovskaia, MD, Friederike Knerlich-Lukoschus, MD, Andrey Akimov, MD, Pietro Spennato, MD, Christian Auer, MD, Ahmed El Damaty, MD, Andreas Schaumann, MD, Valentina Pennacchietti, MD, Matthias Schulz, MD, Dennis Buis, MD, Vladislav Demyanenko, MD, Alexander Seliverstov, MD, Oksana Usatova, MD, Onur Ozgural, MD, Gokmen Kahilogullari, MD, Martin U. Schuhmann, MD, Rolando Jimenez-Guerra, MD, Thomas Beez, MD, Nunthasiri Wittayanakorn, MD, Alexey Sukharev, MD, Stefan Linsler, MD, Joachim Oertel, MD, Petr Vacek, MD, Ruslan Pankratiev, MD, Ayrat Timershin, MD, Mykhailo Lovha, MD, Raphael Guzman, MD, Sarah Stricker, MD, Christoph Wiegand, MD, Megan Votoupal, Soslan Medoev, MD, Elza Fatykhova, MD, Konstantin Kovalkov, MD, Dina Pogosova, MD, Christoph Bührer, MD, Sandi Lam, MD, Spyros Sgouros, MD, Jonathan Roth, MD, Shlomi Constantini, MD, Sergio Cavalheiro, MD, Giuseppe Cinalli, MD, Abhaya V. Kulkarni, MD, Sergey Gorelyshev, MD, and Hans Christoph Bock, MD"]}} | ||
| SRT | |a THOMALEULRTREATMENTO2026 | ||